02346nam a2200337Ii 45000010005000000030009000050080041000140400033000550410008000880820019000961000042001152450036001572640060001933000012002533360026002653370028002913380027003199400050003469990017003969520145004139520145005589520145007039520145008489520145009939520145011389520145012839520145014289520145015739520145017189520145018633091CO-ViMGA241108s9999||||xx |||||||||||||| ||und|| aCO-ViMGAbspaerdacCO-ViMGA0 aunk04a591.03 - R637e1 aEdgar Rodríguez de la Fuente95422010aEnciclopedia Salvat de la fauna 1a[Lugar de publicación no identificado] : Salvat, 1970 avolumen atextbtxt2rdacontent aunmediatedbn2rdamedia avolumebnc2rdacarrier aidficha_siabuc: 3020. -- ficha_no_siabuc:3091 c51096d51096 001040708014aMEVIGERRbMEVIGERRcREFd2006-11-27hVol.1o591.03 - R637epECA1179r2024-11-26 10:02:30tEj.1w2024-11-26yBKz3020 | 4274 001040708014aMEVIGERRbMEVIGERRcREFd2006-11-27hVol.1o591.03 - R637epECA1169r2024-11-26 10:02:30tEj.1w2024-11-26yBKz3020 | 4264 001040708014aMEVIGERRbMEVIGERRcREFd2006-11-27hVol.1o591.03 - R637epECA1170r2024-11-26 10:02:30tEj.1w2024-11-26yBKz3020 | 4265 001040708014aMEVIGERRbMEVIGERRcREFd2006-11-27hVol.1o591.03 - R637epECA1171r2024-11-26 10:02:30tEj.1w2024-11-26yBKz3020 | 4266 001040708014aMEVIGERRbMEVIGERRcREFd2006-11-27hVol.1o591.03 - R637epECA1172r2024-11-26 10:02:30tEj.1w2024-11-26yBKz3020 | 4267 001040708014aMEVIGERRbMEVIGERRcREFd2006-11-27hVol.1o591.03 - R637epECA1173r2024-11-26 10:02:30tEj.1w2024-11-26yBKz3020 | 4268 001040708014aMEVIGERRbMEVIGERRcREFd2006-11-27hVol.1o591.03 - R637epECA1174r2024-11-26 10:02:30tEj.1w2024-11-26yBKz3020 | 4269 001040708014aMEVIGERRbMEVIGERRcREFd2006-11-27hVol.1o591.03 - R637epECA1175r2024-11-26 10:02:30tEj.1w2024-11-26yBKz3020 | 4270 001040708014aMEVIGERRbMEVIGERRcREFd2006-11-27hVol.1o591.03 - R637epECA1176r2024-11-26 10:02:30tEj.1w2024-11-26yBKz3020 | 4271 001040708014aMEVIGERRbMEVIGERRcREFd2006-11-27hVol.1o591.03 - R637epECA1177r2024-11-26 10:02:30tEj.1w2024-11-26yBKz3020 | 4272 001040708014aMEVIGERRbMEVIGERRcREFd2006-11-27hVol.1o591.03 - R637epECA1178r2024-11-26 10:02:30tEj.1w2024-11-26yBKz3020 | 4273